Quizzes
Events
Quiz Creation
Community
Videos
Private Events
Remove Ads
Sign In
Join for FREE
Feedback
Dark Mode
Quiz Categories
Sports
Geography
Music
Movies
Television
Just For Fun
Miscellaneous
History
Literature
Language
Science
Gaming
Entertainment
Religion
Holiday
For Kids
Quiz Lab
Recent
Popular Today
Quiz Kudos Today
Editor Picks
Curator Picks
Quizzes by...
Day
Popularity
Type
Ratings
Length
Year
Community
Subscriptions
Recent Discussions
Orange Saloon
Badges
Playlists
Quests
Create
Leaderboards
Showdown
Live 5
Trivia Bingo
Activity
Puzzle Library
Sporcle Events
Private Events
Virtual Trivia
Globe League
Become a Host
Pub Owners
SporcleCon
Opinionation
Our Games
Videos
Blog
Mobile Apps
Partnerships
Remove Ads and Go Orange
Feedback
Sports
Athletes
MLB
NBA
NHL
NFL
Soccer
Sports Teams
WWE
NCAA
Football
Premier League
Basketball
Baseball
Hockey
Golf
Tennis
Cricket
Rugby
Auto Racing
Olympics
World Cup
Sports
Athletes
MLB
NBA
NHL
NFL
Soccer
Sports Teams
WWE
NCAA
Football
Premier League
Basketball
Baseball
Hockey
Golf
Tennis
Cricket
Rugby
Auto Racing
Olympics
World Cup
Random Quiz
Search Sporcle
×
Quiz Lab
Quiz Lab
Sports
NHL
Type in answers that appear in a list
Type in answers that appear in a list
Classic
Best Score? Go Orange.
NHL Shots Leader since 1971 Stats
Can you name the NHL Shots Leader since 1971?
By
aheig82
10m
40 Questions
290 Plays
290 Plays
290 Plays
Comments
Comments
Give Quiz Kudos
Give Quiz Kudos
-
- Ratings
hide this ad
More Info
Replay
Link that replays current quiz
Next Quiz
Link to next quiz in quiz playlist
You Got
0%
They Got
Avg Score
90%
Avg Friend Score
Upgrade to see
Score Distribution
Jump to the score distribution portion of the page
Score
0/40
Timer
10:00
0
Plays Today
Season
Player
% Correct
2011-
12
Evgeni Malkin
98.6%
2010-
11
Alexander Ovechkin
98.6%
2009-
10
Alexander Ovechkin
98.6%
2008-
09
Alexander Ovechkin
98.6%
2007-
08
Alexander Ovechkin
98.6%
2006-
07
Alexander Ovechkin
98.6%
2005-
06
Alexander Ovechkin
98.6%
1985-
86
Wayne Gretzky
97.9%
1984-
85
Wayne Gretzky
97.9%
1982-
83
Wayne Gretzky
97.9%
1981-
82
Wayne Gretzky
97.9%
1987-
88
Mario Lemieux
97.6%
1995-
96
Jaromir Jagr
96.2%
1991-
92
Brett Hull
96.2%
1990-
91
Brett Hull
96.2%
1989-
90
Brett Hull
96.2%
2000-
01
Pavel Bure
95.5%
1999-
00
Pavel Bure
95.5%
1997-
98
Pavel Bure
95.5%
1992-
93
Pavel Bure
95.5%
Season
Player
% Correct
1988-
89
Steve Yzerman
94.1%
2003-
04
Ilya Kovalchuk
93.4%
1998-
99
Paul Kariya
93.1%
1996-
97
Paul Kariya
93.1%
1973-
74
Phil Esposito
91.7%
1972-
73
Phil Esposito
91.7%
1971-
72
Phil Esposito
91.7%
1980-
81
Marcel Dionne
91.4%
1979-
80
Marcel Dionne
91.4%
1978-
79
Marcel Dionne
91.4%
1976-
77
Marcel Dionne
91.4%
1974-
75
Bobby Orr
88.3%
1994-
95
Ray Bourque
84.5%
1986-
87
Ray Bourque
84.5%
1983-
84
Ray Bourque
84.5%
1977-
78
Darryl Sittler
78.3%
2002-
03
Glen Murray
70.7%
1975-
76
Bill Barber
64.8%
1993-
94
Brendan Shanahan
57.6%
2001-
02
Bill Guerin
52.4%
Quiz Playlist
Details
Report
Send in Message
Add To Playlist
More Info:
NHL player with the most shots in each season since 1971-1972.
Classic:
Type in answers that appear in a list
Quiz Source
Last Updated: Feb 16, 2017
Quiz Scoreboard
CHALLENGE
Sign Up to Join the Scoreboard
Show All
Scores
Hide
Comments
May contain spoilers
Recently Published
College Basketball Coaching Resumes
by pancakes188
Sports
9m
Billboard Blitz: Fleetwood Mac
by CooCooCachoo
Music
15s
Presidents Visiting Landmarks
by Hejman
History
7m
More to Explore
Quiz From the Vault
Featured Blog Post
Where Did the Easter Bunny Come From?
hide this ad
You Might Also Like...
Tags
NHL Quiz
1971
Player
season
shot
team
Today's Top Quizzes in Sports
Browse Sports
hide this ad
Today's Top Quizzes in NHL
Browse NHL
Top Contributed Quizzes in Sports
1
2022 World Cup Stars
2
Les meilleurs buteurs des matchs entre le PSG et l’OM
3
FIFA Club World Cup Champions
4
Les entraîneurs de l'OM et du PSG au 21e siècle
5
Criteria MLB: Left Handed Sluggers
6
AFC Teams Reveal (Wrong Answers Minefield)
7
2023 MLB Unique Player Accomplishments
8
Players with Multiple 50 Home Run Seasons
9
5-to-1: FBS Animal Nicknames
10
5-to-1: UK Sports Teams
Explore More
Trending Topics
Marvel
Anime
Kpop
Disney
Crossword
Harry Potter
NBA
Country
Puzzle
Song
NFL
WWE
Pokémon
The Office
Soccer
hide this ad
More By:
aheig82
Quiz
Plays
Rating
Category
Featured
Created
NBA Last Five 25.0+ PPG Players by Team
144,380
4.51
Sports
Nov 17, 2011
NHL 40+ Goal Scorers per Franchise
46,925
4.56
Sports
Nov 16, 2011
MLB Last Five 40+ HR Hitters by Franchise
12,475
4.56
Sports
Nov 14, 2011
Top 5 Medal Winning Teams in Each Summer Olympics
11,925
4.21
Sports
Jul 14, 2012
Top 10 NBA Scoring Leaders Per Season (1990-2000)
8,236
4.00
Sports
Dec 20, 2012
Go to Creator's Profile
Score Distribution
Quiz Creator Spotlight
aheig82
Follow
Send a Message
Quizzes Created
-
Created Quiz Play Count
-
More By This Creator
Popular Quizzes Today
1
Find the US States - No Outlines Minefield
2
Find the Countries of Europe - No Outlines Minefield
3
The Countries of the World
4
Find the US States
5
Risky Map Clicking: Biggest States A-Z
6
US States
7
Popular People in 1961
8
Movies - When Are They Set?
More Sports Quizzes
Inter Milan's Number 10's
Curator's Pick
Trending Quizzes
Risky Map Clicking: Least Populous States A-Z
1-10 Letter G Words
1-10 Letter F Words
Risky Map Clicking: Next State Alphabetically
Risky Map Clicking: Biggest States A-Z
Recently Updated
Leaping Animals
pecheneg
Reality TV Shows (A-Z)
bhenderson79
Rickey Henderson's Hall of Fame Teammates
pecheneg
Champions League XIs: Arsenal
pecheneg
Quick Pick: Celebrities in WWE's Hall of Fame
aduchscher
A-Z Keypad Blitz II
pecheneg
Multiple Oscar Actors
pecheneg
Mystery Phrase Blitz: Oscar 'Best Actors'
pecheneg
F. Scott Fitzgerald Novels
LTH
Pick 3 Villains
ddd62291
Trending Topics
Harry Potter
Kpop
Disney
Crossword
NBA
Marvel
Anime
The Office
Country
WWE
Soccer
Puzzle
Pokémon
NFL
Song
Your Account Isn't Verified!
In order to create a playlist on Sporcle, you need to verify the email address you used during registration. Go to your
Sporcle Settings
to finish the process.
Report this User
Report this user for behavior that violates our
Community Guidelines
.
Details:
Send Report
Go to the Sporcle.com Mobile Site →
Comments